000 00686nam a2200217Ii 4500
001 16186
003 CO-ViMGA
008 241108s9999||||xx |||||||||||||| ||und||
020 _a9789587580495
040 _aCO-ViMGA
_bspa
_erda
_cCO-ViMGA
041 0 _aunk
084 _aN VAR1cu
100 1 _aVargas Llosa, Mario,
_d1936-
_92692
245 1 0 _aLos cuadernos de don Rigoberto
264 1 _a[Lugar de publicación no identificado] : Punto de Lectura, [Fecha de publicación no identificada]
300 _avolumen
336 _atext
_btxt
_2rdacontent
337 _aunmediated
_bn
_2rdamedia
338 _avolume
_bnc
_2rdacarrier
940 _aidficha_siabuc: 15856. -- ficha_no_siabuc:16186
999 _c55505
_d55505